| 000 | 00481nam a2200205Ia 4500 | ||
|---|---|---|---|
| 999 |
_c19995 _d19995 |
||
| 003 | 0100 | ||
| 005 | 20170608135901.0 | ||
| 008 | 130303s9999 xx 000 0 und d | ||
| 020 | _a1556520484 | ||
| 040 | _cARRUPELIB | ||
| 050 | _aDT14.D5613 1991 | ||
| 100 |
_aDiop, Cheikh Anta _932345 |
||
| 245 | _aCivilization or barbarism | ||
| 245 | _ban authentic anthropology | ||
| 260 |
_bLawrence Hill Books _aNew York _c1991 |
||
| 300 | _axxi | ||
| 300 | _b 440p. 23cm. | ||
| 650 |
_aAfrica _x-Civilization _922754 |
||
| 650 |
_aEgypt _xCivilization _yTo 332B.C _932346 |
||
| 942 | 0 | 0 |
_02 _2lcc _cMONOGRAPH |